000 00704nam a2200205 a 4500
001 3299
005 20140414131909.0
008 040601s19uu xx 00 eng d
020 _a0-394-87337-8
050 _aER
_bB35 1986
100 _aBerenstain, Stan
245 _aBerenstain Bears (The): get the stage fright /
_cStan and Jan Berenstain.
260 _aNew York :
_bRandom House,
_c1986.
300 _a1 v. (unp.) : ill. ; cm.
440 _aA First Time Book
520 _aSister Bear worries about her lines in the school play while Brother Bear has no fear. Guess who forgets the lines during the performance?
650 _aBears--Fiction.
650 _aPlays--Fiction.
999 _c111115
_d111115